000 01719cam a2200325 4500
001 L134861
002 10144
008 060907n2006 000 0 eng u
020 _a0728205092
022 _a9780728205093
035 _a(Sirsi) u134861
041 0 _aeng
050 0 4 _a346.4104343 $2 18
100 _aEdwards, Chris
245 0 0 _aInstitutional leases in the 21st century
260 _aLondon
_bEG Books
_c2006
300 _aii, 180p.
_c22cm.
350 _a29.99
505 0 _aEvolution of the 'institutional lease' -- Repairs and service charges -- User and alteration clauses -- The parties contract -- Rent reviews -- Dispute resolution -- Break clauses -- Dispute resolution -- Break clauses -- Lease renewals -- Encouraging shorter leases -- The 2002 code of practice for commercial leases -- From feudalism to consumerism
520 _aExamines the main drivers for change that have emerged since the early 1990s, such as legislation on privy contract, the introduction of Stamp Duty Land Tax, the Commercial Lease Code, and proposed changes in accounting standards. Also looks at some examples of the institutions' response to these pressures and how commercial property is let abroad.
590 _aKA
650 _aPROPERTY-COMMERCIAL PROPERTY-LEASEHOLD COMMERCIAL PROPERTY-COMMERCIAL LANDLORD AND TENANT-BUSINESS TENANCIES
650 _aCODE FOR LEASING BUSINESS PREMISES IN ENGLAND AND WALES
650 _aSTAMP DUTY LAND TAX
651 4 _aUnited Kingdom
_y
690 _aPROPERTY-COMMERCIAL PROPERTY-COMMERCIAL LANDLORD AND TENANT
690 _aPROPERTY-COMMERCIAL PROPERTY-COMMERCIAL LANDLORD AND TENANT-COMMERCIAL SERVICE CHARGES
700 1 _aKrendel, Paul
942 _n0
999 _c105823
_d105823